Economic crisis in Europe - the impact on economic activity
Rozsah poslednej ekonomickej krízy v povojnovej ekonomickej histórii. Obdobie rastu úverov, pákový efekt a vývoj bubliny v sektore nehnuteľností. Finančné turbulencie. Bankrot Lehman Brotherss a panika na akciových trhoch. Zrútenie finančného systému. Sled reťazovýchh udalostí pripravil pôdu pre re...
Saved in:
| Main Author: | |
|---|---|
| Format: | Book Chapter |
| Language: | English |
| Subjects: | |
| Tags: |
No Tags, Be the first to tag this record!
|
MARC
| LEADER | 00000nla$a2200000$$$4500 | ||
|---|---|---|---|
| 001 | 0127777 | ||
| 005 | 20240502072445.3 | ||
| 041 | 0 | |a eng | |
| 044 | |a SK | ||
| 245 | 1 | 0 | |a Economic crisis in Europe - the impact on economic activity |c František Nemeth |
| 520 | |a Rozsah poslednej ekonomickej krízy v povojnovej ekonomickej histórii. Obdobie rastu úverov, pákový efekt a vývoj bubliny v sektore nehnuteľností. Finančné turbulencie. Bankrot Lehman Brotherss a panika na akciových trhoch. Zrútenie finančného systému. Sled reťazovýchh udalostí pripravil pôdu pre recesiu v Európe od roku 1930. | ||
| 610 | 2 | 0 | |a kríza finančná |
| 610 | 2 | 0 | |a kríza hospodárska |
| 610 | 2 | 0 | |a cykly hospodárske |
| 610 | 2 | 0 | |a bubliny finančné |
| 610 | 2 | 0 | |a pohyb cyklický hospodárstva |
| 610 | 2 | 0 | |a recesia |
| 610 | 2 | 0 | |a bankrot |
| 100 | 1 | |a Nemeth, František | |